00919cam a2200313 4500001000700000003000900007005001700016007000700033008003900040015000600079017000900085020001800094035000600112040002500118080000600143082001600149100003200165245009700197246012200294250000600416260003100422300002000453504000600473650001200479650002500491650001900516650002400535700004600559 6878 DO-SdBNP20171109090804.0 6878 100128s2010 sp |||| 000 0 spa  a  a b  a9788403100381 a  aBPMSUbspacBPMSUe  a  4a306.7bI13s1 aIborra, Elisabeth G.d1977-10aSex mentiras / h cElisabeth G. Iborra, con la colaboración del sexólogo Alfonso Antona10aSex mentiras :bo cómo quitarle de encima mitos, creencias y prejuicios que te impiden disfrurar de tus relaciones  a 0 aMadrid : bAguilar, c2010 a212 p. ;c25 cm a  4aSEXO2  4aRELACIONES DE PAREJA 4aHOMOSEXUALIDAD 4aCOSTUMBRES SEXUALES12aAntona Rodríguez, Alfonsoecolaborador